Topsy and Tim Go on an Aeroplane / (Record no. 194140)
[ view plain ]
| 000 -LEADER | |
|---|---|
| fixed length control field | 01462nam a2200349 ia4500 |
| 003 - CONTROL NUMBER IDENTIFIER | |
| control field | OSt |
| 005 - DATE AND TIME OF LATEST TRANSACTION | |
| control field | 20240317115535.0 |
| 008 - FIXED-LENGTH DATA ELEMENTS--GENERAL INFORMATION | |
| fixed length control field | 231220t19952016enka jr 000 1 eng d |
| 020 ## - INTERNATIONAL STANDARD BOOK NUMBER | |
| International Standard Book Number | 9781409300571 |
| Terms of availability | RM8.79 |
| Qualifying information | paperback |
| 040 ## - CATALOGING SOURCE | |
| Original cataloging agency | PPAK |
| Language of cataloging | eng |
| Transcribing agency | PPAK |
| Description conventions | rda |
| 082 04 - DEWEY DECIMAL CLASSIFICATION NUMBER | |
| Classification number | 823.914 |
| Edition number | 23 |
| 090 00 - LOCALLY ASSIGNED LC-TYPE CALL NUMBER (OCLC); LOCAL CALL NUMBER (RLIN) | |
| Classification number (OCLC) (R) ; Classification number, CALL (RLIN) (NR) | 823.914 |
| Feature heading | ADA |
| Feature heading | K |
| 100 1# - MAIN ENTRY--PERSONAL NAME | |
| Personal name | Adamson, Jean, |
| Dates associated with a name | 1928- |
| Relator term | author. |
| 245 10 - TITLE STATEMENT | |
| Title | Topsy and Tim Go on an Aeroplane / |
| Statement of responsibility, etc. | By Jean Adamson and Gareth Adamson ; Illustrations by Belinda Worsley. |
| 264 #1 - PRODUCTION, PUBLICATION, DISTRIBUTION, MANUFACTURE, AND COPYRIGHT NOTICE | |
| Place of production, publication, distribution, manufacture | [London]. UK : |
| Name of producer, publisher, distributor, manufacturer | Ladybird Books, |
| Date of production, publication, distribution, manufacture, or copyright notice | 2016 |
| Date of production, publication, distribution, manufacture, or copyright notice | ©1995 |
| 300 ## - PHYSICAL DESCRIPTION | |
| Extent | 1 volume (unpaged) : |
| Other physical details | chiefly illustrations (colour) ; |
| Dimensions | 20 cm |
| 336 ## - CONTENT TYPE | |
| Content type term | text |
| Source | rdacontent |
| Content type term | still image |
| Source | rdacontent |
| 337 ## - MEDIA TYPE | |
| Media type term | unmediated |
| Source | rdamedia |
| 338 ## - CARRIER TYPE | |
| Carrier type term | volume |
| Source | rdacarrier |
| 490 1# - SERIES STATEMENT | |
| Series statement | Topsy and Tim |
| 500 ## - GENERAL NOTE | |
| General note | As seen on TV-- Cover |
| 520 ## - SUMMARY, ETC. | |
| Summary, etc. | Topsy and Tim are always finding fun adventures in the real world. This title shares Topsy and Tim's aeroplane adventure as they meet the stewardess, the pilot. It helps to learn about the airport and discover that sucking sweets can stop little ears from popping. |
| 600 10 - SUBJECT ADDED ENTRY--PERSONAL NAME | |
| Personal name | Topsy, (Fictitious character from Adamson) |
| Form subdivision | Juvenile fiction |
| 650 10 - SUBJECT ADDED ENTRY--TOPICAL TERM | |
| Topical term or geographic name entry element | Camping |
| Form subdivision | Juvenile fiction |
| 655 #7 - INDEX TERM--GENRE/FORM | |
| Genre/form data or focus term | Children's stories |
| 700 1# - ADDED ENTRY--PERSONAL NAME | |
| Personal name | Adamson, Gareth, |
| Dates associated with a name | 1952-1982, |
| Relator term | author. |
| Personal name | Worsley, Belinda, |
| Relator term | illustrator. |
| 830 ## - SERIES ADDED ENTRY--UNIFORM TITLE | |
| Uniform title | Topsy and Tim |
| 942 ## - ADDED ENTRY ELEMENTS (KOHA) | |
| Source of classification or shelving scheme | Dewey Decimal Classification |
| Koha item type | Book |
| Withdrawn | Not for loan | Current library | Shelving location | Date acquired | Total Checkouts | Full call number | Barcode | Date last seen | Koha item type | Date last checked out | Total Renewals |
|---|---|---|---|---|---|---|---|---|---|---|---|
| Perpustakaan Alor Setar | Pinjaman Kanak-kanak | 01/01/2024 | 4 | K 823.914 ADA | A01806490 | 30/08/2025 | Book | 28/07/2025 | |||
| Perpustakaan Awam Sungai Petani | Pinjaman Kanak-kanak | 01/01/2024 | 1 | K 823.914 ADA | A01806491 | 09/11/2024 | Book | 19/10/2024 | |||
| Perpustakaan Baling | Pinjaman Kanak-kanak | 01/01/2024 | K 823.914 ADA | A01806484 | 01/01/2024 | Book | |||||
| Perpustakaan Kulim | Pinjaman Kanak-kanak | 01/01/2024 | 1 | K 823.914 ADA | A01806493 | 15/10/2024 | Book | 25/09/2024 | |||
| Perpustakaan Langkawi | Pinjaman Kanak-kanak | 01/01/2024 | 3 | K 823.914 ADA | A01806492 | 14/08/2025 | Book | 30/06/2025 | 1 |